000 00459nam a22001817a 4500
005 20200314141425.0
008 200314b xxu||||| |||| 00| 0 eng d
020 _a9788123922898
041 _aeng
082 _a615.19
100 _aKHAR, ROOP K
_95119
245 _aTHE THEORY AND PRACTICE OF INDUSTRIAL PHARMACY
250 _a6TH
260 _aDELHI
_bCBS PUBLISHERS AND DISTRIBUTORS
_c2020
300 _a1195
650 _aPHARMACY
_95172
942 _cBK
999 _c6093
_d6091